| 000 | 00380nam a2200133Ia 4500 | ||
|---|---|---|---|
| 008 | 170221s9999 xx 000 0 und d | ||
| 100 | _aPaul Wangerin | ||
| 245 | 4 | _aThe Hierarchy of Priority | |
| 245 | _cPaul Wangerin | ||
| 260 | _c2012 | ||
| 300 | _a10 : 1 | ||
| 650 | _xBusiness | ||
| 856 | _uhttp://digitalcommons.pepperdine.edu/cgi/viewcontent.cgi?article=1141&context=jbel | ||
| 999 |
_c311705 _d311705 |
||